00702nam a2200121Ia 45000010005000000080041000050820020000461000065000662450379001312600028005109010027005389990015005651414241024s9999 xx 000 0 und d aRD/372/R426pl/1 aRepública Dominicana.Secretaría de Estado de Educación 0a1. Plan de Escuelas Efectivas Instructivo para la Selección del Coordinador/a Docente del Centro Educativo, 2. Presentación de Resultados de los Diálogos Pedagógicos, análisis y Aportes de los regionales y Distritos Educativos para la implementación del Modelo de Gesstión Escuelas Efctivas. 4. Compromiso de la gestión 2008-2012 hacia las Escuelas Efectivas b[*SIN EDITORIAL*]c2009 a11/4/2011 4:25:44 p.m. c8569d8569